00310nam a2200121Ia 4500008004100000100001500041245006000056260002400116300001200140650001400152942000700166999001500173190216s9999||||xx |||||||||||||| ||und|| aScaria P P 0aEeconomics-Sookshma Sambathika Sastram(Micro Economics) bVrindavan Pubc1992 a318 pag aEconomics cBK c9864d9864